Panorama general de la competitividad del sector agrícola a nivel latinoamericano y análisis de la situación costarricense /
Se analiza la situación del sector agrícola a nivel latinoamericano, se presentan las causas de su crisis, las acciones tomadas por países desarrollados para impulsar el desarrollo de este sector y se analiza la contribución de dicho sector al producto interno bruto. Capítulo aparte, se analiza la s...
Saved in:
| Main Author: | |
|---|---|
| Other Authors: | |
| Format: | Text |
| Subjects: | |
| Tags: |
Add Tag
No Tags, Be the first to tag this record!
|
MARC
| LEADER | 00000 a a2200000 04500 | ||
|---|---|---|---|
| 001 | 13713 | ||
| 003 | |||
| 040 | |||
| 100 | |a Alvarado Boirivant, Jorge | ||
| 245 | |a Panorama general de la competitividad del sector agrícola a nivel latinoamericano y análisis de la situación costarricense / |c Jorge Alvarado Boirivant ; Susan Chen Mok | ||
| 520 | |a Se analiza la situación del sector agrícola a nivel latinoamericano, se presentan las causas de su crisis, las acciones tomadas por países desarrollados para impulsar el desarrollo de este sector y se analiza la contribución de dicho sector al producto interno bruto. Capítulo aparte, se analiza la situación del sector agrícola costarricense | ||
| 650 | |a SECTOR AGROPECUARIO | ||
| 650 | |a PRODUCTO INTERNO BRUTO | ||
| 650 | |a EMPLEO | ||
| 650 | |a CRISIS | ||
| 650 | |a EXPORTACION | ||
| 650 | |a COSTA RICA | ||
| 700 | |a Chen Mok, Susan | ||
| 773 | |g volumen 85, número 1 -2; páginas 227-245 | ||
| 999 | |c 38674 |d 38674 | ||
